000 00640nam a2200217Ia 4500
003 OSt
005 20220927112350.0
006 a|||||r|||| 00| 0
007 ta
008 220926b |||||||| |||| 00| 0 eng d
024 _a152496
037 _cReports
040 _aRTL
_cRTL
_beng
041 _2eng
_aeng
082 _a"X415:46.2.N55t, GD"
110 _a"India, Railway Frieght Structure Inquiry (Commission)"
_9383590
245 0 _aReport V2 Pt 2
700 _a"India, Railway Frieght Structure Inquiry (Commission)"
_9383591
942 _h"X415:46.2.N55t, GD"
_cCC
999 _c700149
_d700149